Geography Quiz

Random Geography or World Quiz
Score 0/15 Timer 02:00
21 Plays Today
Question Answer Wrong Answers
Athens Greece
95.8%
Cyprus
0.3%
Turkey
0.4%
Crete
0.3%
Amsterdam Netherlands
93.6%
Denmark
2%
Belgium
0.8%
Sweden
0.3%
Ankara Turkey
91.1%
Syria
2.2%
Iraq
1%
Jordan
2.3%
Abu Dhabi United Arab Emirates
89.9%
Oman
1.2%
Yemen
0.9%
Qatar
4.6%
Algiers Algeria
86.1%
Albany
4.2%
Algiersa
3%
Morocco
3.4%
Addis Ababa Ethiopia
84.2%
Eritrea
2.8%
South Sudan
4.4%
Somalia
5%
Amman Jordan
81.7%
Palestine
3.3%
Bahrain
6%
Qatar
5.4%
AsunciĆ³n Paraguay
76.8%
Costa Rica
4.1%
Bolivia
8.9%
Dominica
6.5%
Andorra la Vella Andorra
76.7%
Monaco
0.9%
Andorra la Vella
18.9%
Spain
0.7%
Accra Ghana
76.5%
Togo
5.3%
Benin
6%
Burkina Faso
8.2%
Asmara Eritrea
67.4%
Turkey
2.9%
Ghana
8.7%
Kazakhstan
17%
Antananarivo Madagascar
67.3%
Malawi
6.5%
Mozambique
10.7%
Mauritius
11.4%
Abuja Nigeria
63.9%
The Gambia
9.7%
Burundi
12.1%
Chad
10.3%
Ashgabat Turkmenistan
50.4%
Kazakhstan
9%
Tajikistan
19.9%
Uzbekistan
16.6%
Apia Samoa
50.3%
Fiji
21.6%
Vanuatu
11.9%
Tuvalu
12.2%
Remove Ads.
Support Sporcle.
Get the best of Sporcle when you Go Orange. This ad-free experience offers more features, more stats, and more fun while also helping to support Sporcle. Thank you for becoming a member.

You're not logged in!

Compare scores with friends on all Sporcle quizzes.
OR
Log In

Sporcle TV

Today on Sporcle TV


Watch our educational content, quiz creation guides, and fun videos on Sporcle TV.

Show Comments

Extras

Top Quizzes Today


Score Distribution

Paid Content

Your Account Isn't Verified!

In order to create a playlist on Sporcle, you need to verify the email address you used during registration. Go to your Sporcle Settings to finish the process.

Report this User

Report this user for behavior that violates our Community Guidelines.

Details: